Colour Songs - Sudden Death - Statistics

General Stats
  • This quiz has been taken 50 times
  • The average score is 12 of 21
Answers on the Grid
Answers color-coded by a green-red scale on the quiz's grid according to % correct below.
Black Sugar
Pink Sunshine
Mellow Yellow
Lady In Grey
Blue Eyes
Black Velvet
Yellow Sunshine
Orange Is The New Red
Black Is Black
Lady In Red
Green Green Grass Of Home
White Christmas
Grey Men In Grey Suits
Purple Rain
Grey Day
White White Wine
Yellow Submarine
Purple Sunset
Brown Sugar
Black Pudding Bertha
Blue Velvet
Purple Haze
Blue Jean
My Book Is Red
Golden Brown
White Horses
Red Red Wine
My Heart Is Blue Like My Mood
Green Door
Blue Hat For A Blue Day
 
Answer Stats
Answer % Correct
White Christmas
98%
Purple Rain
94%
Yellow Submarine
91%
Lady In Red
85%
Red Red Wine
85%
Purple Haze
79%
Brown Sugar
72%
Blue Eyes
66%
Mellow Yellow
66%
Black Velvet
64%
Blue Velvet
55%
Green Green Grass Of Home
55%
Black Is Black
51%
Blue Jean
47%
White Horses
43%
Golden Brown
36%
Green Door
26%
Grey Day
17%
Blue Hat For A Blue Day
13%
Pink Sunshine
13%
Black Pudding Bertha
11%
No matching quizzes found
Score Distribution
Percent of People with Each Score
Percentile by Number Answered
Your Score History
You have not taken this quiz